<?xml version="1.0" encoding="UTF-8"?>
<record
    xmlns:xsi="http://www.w3.org/2001/XMLSchema-instance"
    xsi:schemaLocation="http://www.loc.gov/MARC21/slim http://www.loc.gov/standards/marcxml/schema/MARC21slim.xsd"
    xmlns="http://www.loc.gov/MARC21/slim">

  <leader>00826nam a2200145   4500</leader>
  <controlfield tag="008">701.18 S522t</controlfield>
  <datafield tag="020" ind1=" " ind2=" ">
    <subfield code="a">2914935463</subfield>
  </datafield>
  <datafield tag="082" ind1=" " ind2=" ">
    <subfield code="a">701.18</subfield>
    <subfield code="b">S522t</subfield>
  </datafield>
  <datafield tag="100" ind1=" " ind2=" ">
    <subfield code="a">S&#xE9;n&#xE9;chal, Philippe</subfield>
    <subfield code="9">6353</subfield>
  </datafield>
  <datafield tag="245" ind1=" " ind2=" ">
    <subfield code="a">100 Titres sur l`histoire de l&#xB4;art</subfield>
  </datafield>
  <datafield tag="260" ind1=" " ind2=" ">
    <subfield code="a">Francia</subfield>
    <subfield code="b">adpf: association pour la diffusion de la pens&#xE9;e fran&#xE7;aise</subfield>
    <subfield code="c">2005</subfield>
  </datafield>
  <datafield tag="300" ind1=" " ind2=" ">
    <subfield code="a">100 p.</subfield>
    <subfield code="c">22 x 18.5 cm</subfield>
  </datafield>
  <datafield tag="505" ind1=" " ind2=" ">
    <subfield code="t">Pr&#xE9;face</subfield>
    <subfield code="r">Michel Laclotte</subfield>
    <subfield code="t">Introduction</subfield>
    <subfield code="r">Philippe S&#xE9;n&#xE9;chal</subfield>
    <subfield code="t">Mouvements, p&#xE9;riodes, civilisations</subfield>
    <subfield code="t">Mati&#xE8;res, genres, techniques</subfield>
    <subfield code="t">Aproches monographiques</subfield>
    <subfield code="t">Sources critiques, &#xE9;crits et paroles d&#xB4;artistes</subfield>
    <subfield code="t">Collections, march&#xE9; de l`art</subfield>
    <subfield code="t">Artistes, soci&#xE9;t&#xE9; et institutions</subfield>
    <subfield code="t">Th&#xE9;orie et interpr&#xE9;tations des formes</subfield>
    <subfield code="t">Iconographie, symbolique</subfield>
    <subfield code="t">Index</subfield>
  </datafield>
  <datafield tag="650" ind1=" " ind2=" ">
    <subfield code="x">arte contempor&#xE1;neo</subfield>
    <subfield code="x">arte - historia</subfield>
    <subfield code="x">arte - cr&#xED;tica e interpretaci&#xF3;n</subfield>
    <subfield code="x">Francia</subfield>
    <subfield code="9">6354</subfield>
  </datafield>
  <datafield tag="999" ind1=" " ind2=" ">
    <subfield code="c">1476</subfield>
    <subfield code="d">1476</subfield>
  </datafield>
  <datafield tag="952" ind1=" " ind2=" ">
    <subfield code="0">0</subfield>
    <subfield code="1">0</subfield>
    <subfield code="2">ddc</subfield>
    <subfield code="4">0</subfield>
    <subfield code="7">0</subfield>
    <subfield code="a">LV</subfield>
    <subfield code="b">LV</subfield>
    <subfield code="c">Pensamiento</subfield>
    <subfield code="d">2018-05-30</subfield>
    <subfield code="l">0</subfield>
    <subfield code="o">701.18 S522t</subfield>
    <subfield code="p">003931</subfield>
    <subfield code="r">2018-05-30 00:00:00</subfield>
    <subfield code="w">2018-05-30</subfield>
    <subfield code="y">01</subfield>
  </datafield>
</record>
